Corea del Sur: un espacio más para la diversificación.

Analýza vývoja a významu obchodných vzťahov Mexika s Pacifickými krajinami, menovite s Južnou Kóreou. Vstup Mexika do "Konferencie o ekonomickej spolupráci Pacifických krajín" v r. 1991 a jeho význam. Analýza zahraničného obchodu Mexika s Južnou Kóreou v r. 1980-1990 - komoditná štruktúra, perspektí...

Full description

Saved in:
Bibliographic Details
Main Author: Salinas Chávez, A.
Format: Book Chapter
Language:Spanish
Subjects:
Tags: Add Tag
No Tags, Be the first to tag this record!

MARC

LEADER 00000naa a2200000 4500
001 r009833
005 20221130112535.3
041 0 |a spa 
044 |a MX 
245 1 0 |a Corea del Sur: un espacio más para la diversificación.  |c A. Salinas Chávez 
520 |a Analýza vývoja a významu obchodných vzťahov Mexika s Pacifickými krajinami, menovite s Južnou Kóreou. Vstup Mexika do "Konferencie o ekonomickej spolupráci Pacifických krajín" v r. 1991 a jeho význam. Analýza zahraničného obchodu Mexika s Južnou Kóreou v r. 1980-1990 - komoditná štruktúra, perspektívy. 
610 2 0 |a vzťahy hospodárske vonkajšie 
610 2 0 |a Mexiko 
610 2 0 |a údaje štatistické 
610 2 0 |a Južná Kórea 
610 2 0 |a obchod zahraničný 
610 2 0 |a 1980-1990 
610 2 0 |a štruktúra dovozu 
610 2 0 |a štruktúra vývozu 
610 2 0 |a diverzifikácia 
100 1 |a Salinas Chávez, A.